World Leaders Standing Tall Quiz Stats

 Plays Quiz Updated Sep 2, 2014

Support Sporcle.
Go Orange.
Score 0/10 Timer 02:00
0 Plays Today
% Correct
Barack Obama
98.5%
Adolf Hitler
97.1%
Vladimir Putin
95.4%
Winston Churchill
93.5%
Angela Merkel
84.8%
Tony Blair
81.6%
David Cameron
71.2%
Nicolas Sarkozy
54.2%
Silvio Berlusconi
47.7%
Mahmoud Ahmadinejad
32.7%

You're not logged in!

Compare scores with friends on all Sporcle quizzes.
OR
Log In

From the Vault

Old Photos: Where Is It?

by MSUKent

Ah, stealing old photos. The one thing we can't replace.
Remove Ads.
Support Sporcle.
Get the best of Sporcle when you Go Orange. This ad-free experience offers more features, more stats, and more fun while also helping to support Sporcle. Thank you for becoming a member.

Show Comments

Extras

Top Quizzes Today


Score Distribution

Your Account Isn't Verified!

In order to create a playlist on Sporcle, you need to verify the email address you used during registration. Go to your Sporcle Settings to finish the process.

Report this User

Report this user for behavior that violates our Community Guidelines.

Details: